| 000 | 00530nam a2200181Ia 4500 | ||
|---|---|---|---|
| 003 | SGT | ||
| 020 | _a9780070586727 | ||
| 082 |
_a5 _bHUG |
||
| 100 | _aHughes,Bob | ||
| 245 | _aSoftware project management | ||
| 250 | _a3rd Ed. | ||
| 260 |
_bTata McGraw Hill Education Private Limited _aNew Delhi _c2004 |
||
| 300 | _a358p. | ||
| 650 | _aCOMPUTER SCIENCE | ||
| 653 | _aINTRODUCTION TO SOFTWARE PROJECT MANAGEMENT, STEP WISE AN OVERVIEW OF PROJECT PLANING, PROJECT EVALUATION | ||
| 700 | _aCotterell,Mike | ||
| 942 |
_2ddc _cBK |
||
| 999 |
_c5655 _d5655 |
||